| 000 | 00364nam a2200133Ia 4500 | ||
|---|---|---|---|
| 005 | 20260328104251.0 | ||
| 008 | 260328s9999||||xx |||||||||||||| ||und|| | ||
| 100 | _aPhaidon | ||
| 245 | 4 |
_aThe Phaidon Atlas of 21st Century World Architecture : _b Travel Edition / _cPhaidon |
|
| 260 | _bPhaidon | ||
| 300 | _a469 p. | ||
| 650 | _aARQUITECTURA REGIONAL | ||
| 942 | _cBK | ||
| 999 |
_c10262 _d10262 |
||